[Event "Titled Tuesday intern op 1st Jan"]
[Site "Chess.com INT"]
[Date "2019.01.01"]
[Round "3"]
[White "Liang, Hairan"]
[Black "Grabinsky, Joshua"]
[Result "0-1"]
[WhiteElo "2251"]
[BlackElo "2078"]
[PlyCount "118"]
[EventDate "2019.01.01"]
[EventType "swiss (blitz)"]
[EventRounds "10"]
[EventCountry "USA"]
[SourceTitle "EXT 2021"]
[Source "ChessBase"]
[SourceDate "2020.10.23"]
[SourceVersion "1"]
[SourceVersionDate "2020.10.23"]
[SourceQuality "1"]

1. e4 e6 2. d4 d5 3. Nd2 a6 4. Ngf3 Nf6 5. Bd3 c5 6. e5 Nfd7 7. c3 Nc6 8. h4 Qb6 9. 0-0 cxd4 10. cxd4 Nxd4 11. Re1 Bc5 12. Nxd4 Bxd4 13. Qe2 Nxe5 14. Bc2 Bd7 15. Nb3 Bb5 16. Qd2 Nc6 17. a4 Bc4 18. a5 Qa7 19. Nxd4 Qxd4 20. Qg5 Qf6 21. Qg3 h6 22. Ra3 Nd4 23. Bd1 Rc8 24. Qd6 Nb5 25. Ba4 Qe7 26. Qg3 Qf6 27. Rf3 Qg6 28. Qxg6 fxg6 29. Rxe6+ Kd7 30. Rxg6 Rhe8 31. Rxg7+ Kd6 32. Be3 d4 33. Bxh6 Re1+ 34. Kh2 Rce8 35. Rf6+ Kc5 36. Rxb7 R8e4 37. Kg3 Bd5 38. b3 Bxb7 39. h5 d3 40. Rf7 Bd5 41. Rf8 Re5 42. Rc8+ Bc6 43. Kg4 R1e4+ 44. f4 d2 45. Rd8 Rd5 46. Rxd5+ Bxd5 47. Bg7 Rxa4 48. bxa4 d1Q+ 49. Kg5 Bxg2 50. h6 Be4 51. axb5 Qd5+ 52. Kf6 Qf5+ 53. Ke7 Bd5 54. bxa6 Qe6+ 55. Kd8 Bc6 56. Bf8+ Kd5 57. Kc7 Qd7+ 58. Kb6 Qd8+ 59. Ka7 Qc7# 0-1

[Event "Titled Tuesday intern op 1st Jan"]
[Site "Chess.com INT"]
[Date "2019.01.01"]
[Round "2"]
[White "Rastbod, Ali"]
[Black "Liang, Hairan"]
[Result "1-0"]
[WhiteElo "2253"]
[BlackElo "2251"]
[PlyCount "101"]
[EventDate "2019.01.01"]
[EventType "swiss (blitz)"]
[EventRounds "10"]
[EventCountry "USA"]
[SourceTitle "EXT 2021"]
[Source "ChessBase"]
[SourceDate "2020.10.23"]
[SourceVersion "1"]
[SourceVersionDate "2020.10.23"]
[SourceQuality "1"]

1. c4 e5 2. Nc3 f5 3. Nf3 Nc6 4. d4 e4 5. Ng5 h6 6. Nh3 Nf6 7. e3 Bb4 8. Bd2 d5 9. cxd5 Bxc3 10. bxc3 Nxd5 11. c4 Nf6 12. Nf4 0-0 13. h4 Ng4 14. Bc3 a5 15. Be2 Nb4 16. a3 Nc6 17. Bxg4 fxg4 18. d5 Ne7 19. Qd4 Nf5 20. Qxe4 Nxh4 21. Ne6 Bxe6 22. dxe6 Qg5 23. Qxb7 Rae8 24. Qd5 Qxd5 25. cxd5 Nxg2+ 26. Ke2 Rf3 27. Rag1 Nf4+ 28. exf4 Rxc3 29. Rxg4 Kf8 30. f5 Rb8 31. Rd1 Rb2+ 32. Rd2 Rxd2+ 33. Kxd2 Rf3 34. Rc4 Rxf2+ 35. Ke3 Rxf5 36. Ke4 Rf1 37. Rxc7 Re1+ 38. Kf5 Rf1+ 39. Ke5 g5 40. Rc8+ Kg7 41. d6 Re1+ 42. Kd5 Rd1+ 43. Kc6 Rc1+ 44. Kd7 Re1 45. e7 g4 46. e8Q Rxe8 47. Rxe8 h5 48. Kc7 g3 49. d7 g2 50. d8Q g1Q 51. Rg8+ 1-0

[Event "Titled Tuesday intern op 4th Sept"]
[Site "Chess.com INT"]
[Date "2018.09.04"]
[Round "9"]
[White "Liang, Hairan"]
[Black "Nemtzev, Igor"]
[Result "0-1"]
[WhiteElo "2202"]
[BlackElo "2137"]
[PlyCount "114"]
[EventDate "2018.09.04"]
[EventType "swiss (blitz)"]
[EventRounds "10"]
[EventCountry "USA"]
[SourceTitle "EXT 2021"]
[Source "ChessBase"]
[SourceDate "2020.10.23"]
[SourceVersion "1"]
[SourceVersionDate "2020.10.23"]
[SourceQuality "1"]

1. e4 c6 2. Nf3 d5 3. Nc3 Bg4 4. h3 Bh5 5. exd5 cxd5 6. g4 Bg6 7. Bb5+ Nc6 8. Ne5 Rc8 9. d4 e6 10. h4 f6 11. Nxg6 hxg6 12. Be3 g5 13. Bd3 gxh4 14. Bg6+ Kd7 15. Qf3 Bb4 16. 0-0 Nge7 17. Bf7 Bxc3 18. bxc3 Qf8 19. Bxe6+ Kxe6 20. Rfe1 Kf7 21. g5 Qd8 22. Kh1 Qd7 23. gxf6 gxf6 24. c4 dxc4 25. d5 Qxd5 26. Qxd5+ Nxd5 27. Bc5 Rhe8 28. Red1 Rcd8 29. Rg1 b6 30. Ba3 Nd4 31. Bb2 c3 32. Bc1 Nxc2 33. Rb1 Ne1 34. Bh6 Nf3 35. Rg7+ Ke6 36. Kg2 Nd4 37. Rxa7 c2 38. Rc1 Rg8+ 39. Kf1 Kf5 40. Ra4 Nc3 41. Rc4 Nce2 42. Rxd4 Nxd4 43. Be3 h3 44. Bxd4 Rxd4 45. Ke2 Rd1 46. Rxc2 h2 47. Kxd1 h1Q+ 48. Ke2 Re8+ 49. Kd2 Qe1+ 50. Kd3 Qe4+ 51. Kd2 Rd8+ 52. Kc1 Rd4 53. f3 Qe3+ 54. Kb1 Rb4+ 55. Rb2 Qd3+ 56. Kc1 Rc4+ 57. Rc2 Qxc2# 0-1

[Event "Titled Tuesday intern op 4th Sept"]
[Site "Chess.com INT"]
[Date "2018.09.04"]
[Round "2"]
[White "Liang, Hairan"]
[Black "Savchenko, Boris"]
[Result "0-1"]
[WhiteElo "2202"]
[BlackElo "2562"]
[PlyCount "130"]
[EventDate "2018.09.04"]
[EventType "swiss (blitz)"]
[EventRounds "10"]
[EventCountry "USA"]
[SourceTitle "EXT 2021"]
[Source "ChessBase"]
[SourceDate "2020.10.23"]
[SourceVersion "1"]
[SourceVersionDate "2020.10.23"]
[SourceQuality "1"]

1. e4 e6 2. d4 d5 3. Nd2 Be7 4. c3 c5 5. dxc5 Nf6 6. Bd3 0-0 7. Ngf3 a5 8. Qe2 Na6 9. 0-0 Nxc5 10. Bc2 Nfxe4 11. Nxe4 Nxe4 12. Bxe4 dxe4 13. Qxe4 f6 14. Be3 e5 15. Qc4+ Kh8 16. Rad1 Qe8 17. Rd2 b5 18. Qd5 Bf5 19. Rfd1 Rd8 20. Qb7 Rb8 21. Qa7 b4 22. Qxa5 bxc3 23. bxc3 Ra8 24. Qd5 Qc8 25. Qb3 Be6 26. Qb6 Rxa2 27. h3 Ra6 28. Qb2 Rc6 29. Rc1 Rc4 30. Rdd1 Qc6 31. Nd2 Ra4 32. Ra1 Rfa8 33. Rxa4 Qxa4 34. Rc1 Ba3 35. Qb1 Bxc1 36. Qxc1 Qa1 37. Qxa1 Rxa1+ 38. Kh2 Ra3 39. c4 Rc3 40. c5 Bd5 41. Kg1 Kg8 42. Kf1 Kf7 43. Ke2 Ke6 44. f3 Bc4+ 45. Nxc4 Rxc4 46. Kd3 Kd5 47. Bf2 f5 48. Ke2 Rxc5 49. Bxc5 Kxc5 50. Ke3 Kd5 51. Kd3 f4 52. Ke2 Kd4 53. Kd2 g5 54. Ke2 Kc3 55. Kf2 Kd2 56. g3 h6 57. h4 Kd3 58. hxg5 hxg5 59. Kg2 Ke2 60. g4 e4 61. Kh1 exf3 62. Kg1 f2+ 63. Kh2 Kf3 64. Kh3 f1Q+ 65. Kh2 Qg2# 0-1

[Event "CAN-ch U18"]
[Site "Toronto"]
[Date "2018.08.12"]
[Round "9"]
[White "Liang, Hairan"]
[Black "Nasir, Zehn"]
[Result "1-0"]
[WhiteElo "2150"]
[BlackElo "2096"]
[PlyCount "83"]
[EventDate "2018.08.08"]
[EventType "tourn"]
[EventRounds "9"]
[EventCountry "CAN"]
[SourceTitle "CBM 186 Extra"]
[Source "ChessBase"]
[SourceDate "2018.08.24"]
[SourceVersion "1"]
[SourceVersionDate "2018.08.24"]
[SourceQuality "1"]

1. e4 c6 2. Nf3 d5 3. Nc3 Nf6 4. e5 Ne4 5. Ne2 Qb6 6. d4 e6 7. Ng3 c5 8. c3 Nc6 9. Bd3 Nxg3 10. hxg3 cxd4 11. cxd4 Bd7 12. Kf1 g6 13. a3 a5 14. g4 a4 15. Bc2 Qa6+ 16. Kg1 b5 17. Ng5 Qa7 18. Nxh7 Be7 19. Be3 Na5 20. Qf3 Nc4 21. Nf6+ Bxf6 22. Qxf6 Rxh1+ 23. Kxh1 Nxe3 24. fxe3 Rc8 25. Bxg6 Bc6 26. Rf1 Qe7 27. Bxf7+ Kd7 28. g5 b4 29. axb4 Bb5 30. Qxe7+ Kxe7 31. Rf2 Bd3 32. g6 Bf5 33. g4 Be4+ 34. Kh2 Rh8+ 35. Kg3 Kf8 36. Bxe6+ Kg7 37. Bf5 Rb8 38. Rh2 Rxb4 39. Rh7+ Kf8 40. e6 Rxb2 41. e7+ Ke8 42. g7 1-0

[Event "CAN-ch U18"]
[Site "Toronto"]
[Date "2018.08.11"]
[Round "6"]
[White "Qiao, Cindy"]
[Black "Liang, Hairan"]
[Result "0-1"]
[WhiteElo "1814"]
[BlackElo "2150"]
[PlyCount "64"]
[EventDate "2018.08.08"]
[EventType "tourn"]
[EventRounds "9"]
[EventCountry "CAN"]
[SourceTitle "CBM 186 Extra"]
[Source "ChessBase"]
[SourceDate "2018.08.24"]
[SourceVersion "1"]
[SourceVersionDate "2018.08.24"]
[SourceQuality "1"]

1. e4 c5 2. Nf3 Nc6 3. Bb5 e6 4. Bxc6 bxc6 5. d3 Ne7 6. Qe2 Qc7 7. 0-0 Ng6 8. Re1 Be7 9. b3 e5 10. Be3 0-0 11. Nc3 d6 12. h3 f5 13. Kh2 fxe4 14. dxe4 Nf4 15. Qd1 Bd7 16. Ng1 Ne6 17. Qd2 Rf7 18. Rad1 Raf8 19. Nce2 Bc8 20. Ng3 g6 21. N3e2 Bb7 22. c4 Nf4 23. Nc3 Qc8 24. Qc2 Kh8 25. Rd2 Ne6 26. Nf3 Rxf3 27. gxf3 Rxf3 28. Qd1 Nd4 29. Bxd4 Qxh3+ 30. Kg1 cxd4 31. Ne2 Bh4 32. Nc1 Bxf2+ 0-1

[Event "World op 46th"]
[Site "Philadelphia"]
[Date "2018.07.05"]
[Round "3"]
[White "Liang, Hairan"]
[Black "Petrosian, Tigran L"]
[Result "0-1"]
[WhiteElo "2169"]
[BlackElo "2607"]
[PlyCount "94"]
[EventDate "2018.07.04"]
[EventType "swiss"]
[EventRounds "9"]
[EventCountry "USA"]
[SourceTitle "CBM 185 Extra"]
[Source "ChessBase"]
[SourceDate "2018.07.29"]
[SourceVersion "1"]
[SourceVersionDate "2018.07.29"]
[SourceQuality "1"]

1. e4 g6 2. d4 Bg7 3. Nf3 d6 4. Bd3 Nf6 5. 0-0 0-0 6. Nbd2 c5 7. c3 Nc6 8. d5 Nb8 9. c4 e5 10. Re1 Nh5 11. Nf1 Nf4 12. Bc2 Bd7 13. Ne3 a5 14. Bd2 a4 15. b4 axb3 16. axb3 Na6 17. Bc3 f5 18. Kh1 Qf6 19. Rg1 Kh8 20. Qf1 Nh5 21. Qe2 f4 22. Nf1 g5 23. Nh4 f3 24. Qxf3 Qxf3 25. Nxf3 g4 26. Nh4 Rxf2 27. Bd1 Bf6 28. Nf5 Bxf5 29. exf5 e4 30. Bxf6+ Nxf6 31. Ne3 h5 32. Re1 Rd2 33. Nf1 Rb2 34. Ng3 Re8 35. Re2 Rxe2 36. Bxe2 Re5 37. Ra5 h4 38. Nf1 Rxf5 39. Rb5 Rf2 40. Rxb7 Rxe2 41. Kg1 e3 42. Re7 Nb4 43. Rxe3 Rb2 44. Re6 Kg7 45. g3 h3 46. Ne3 Nd3 47. Kf1 Kf7 0-1

[Event "Philadelphia int op 12th"]
[Site "Philadelphia"]
[Date "2018.07.01"]
[Round "7"]
[White "Slade, Theodore"]
[Black "Liang, Hairan"]
[Result "1/2-1/2"]
[WhiteElo "2018"]
[BlackElo "2169"]
[PlyCount "121"]
[EventDate "2018.06.28"]
[EventType "swiss"]
[EventRounds "9"]
[EventCountry "USA"]
[SourceTitle "CBM 185 Extra"]
[Source "ChessBase"]
[SourceDate "2018.07.29"]
[SourceVersion "1"]
[SourceVersionDate "2018.07.29"]
[SourceQuality "1"]

1. d4 Nf6 2. c4 c5 3. d5 g6 4. Nc3 Bg7 5. e4 d6 6. Bd3 0-0 7. Nf3 e6 8. 0-0 exd5 9. exd5 Bg4 10. h3 Bxf3 11. Qxf3 Nfd7 12. Bf4 Ne5 13. Qd1 Nbd7 14. Be2 f5 15. Qd2 Nf7 16. Be3 a6 17. Rae1 Qh4 18. f4 Rae8 19. Bd3 Qd8 20. Bf2 Bh6 21. Be3 Nf6 22. Qc2 Re7 23. Bd2 Rfe8 24. Qc1 Bg7 25. Rxe7 Rxe7 26. Re1 Qe8 27. Rxe7 Qxe7 28. Qe1 Qxe1+ 29. Bxe1 Nh5 30. g3 Bxc3 31. bxc3 Nf6 32. Kf2 Kf8 33. Kf3 h5 34. Bc2 Ke7 35. Ke3 Kd7 36. Kd3 Nh6 37. Bf2 Nhg8 38. Be1 Ne7 39. Bf2 Kc7 40. Bd1 b5 41. Bf3 Nc8 42. cxb5 axb5 43. a4 bxa4 44. c4 a3 45. Kc2 a2 46. Kb2 Nb6 47. Be2 Na4+ 48. Ka1 Nc3 49. Bf3 Na4 50. Kxa2 Nb6 51. Kb3 Kb7 52. Be1 Ka6 53. Bc3 Nbd7 54. Ka4 Nb6+ 55. Kb3 Nbd7 56. Ka3 Kb6 57. Kb2 Ka6 58. Kc2 Kb6 59. Kd3 Ka6 60. Ke3 Kb6 61. Kf2 1/2-1/2

[Event "Philadelphia int op 12th"]
[Site "Philadelphia"]
[Date "2018.06.29"]
[Round "2"]
[White "Liang, Hairan"]
[Black "Shaffer, Alexander"]
[Result "1-0"]
[WhiteElo "2169"]
[BlackElo "1955"]
[PlyCount "49"]
[EventDate "2018.06.28"]
[EventType "swiss"]
[EventRounds "9"]
[EventCountry "USA"]
[SourceTitle "CBM 185 Extra"]
[Source "ChessBase"]
[SourceDate "2018.07.29"]
[SourceVersion "1"]
[SourceVersionDate "2018.07.29"]
[SourceQuality "1"]

1. Nf3 c5 2. e4 e6 3. d4 cxd4 4. Nxd4 Nf6 5. Nc3 d6 6. g4 h6 7. Bg2 a6 8. h3 Qc7 9. Be3 Nc6 10. Nde2 Be7 11. f4 Bd7 12. 0-0 0-0-0 13. Na4 Rdf8 14. Bb6 Qb8 15. c4 g5 16. Rc1 gxf4 17. Nxf4 Ne5 18. Nd5 exd5 19. cxd5+ Bc6 20. Rxf6 Bxf6 21. Qf1 Bg5 22. Qf5+ Nd7 23. dxc6 bxc6 24. Rxc6+ Kb7 25. Qxd7+ 1-0

[Event "Titled Tuesday intern op 3rd April"]
[Site "Chess.com INT"]
[Date "2018.04.03"]
[Round "4"]
[White "Quinonez Garcia, Santiago"]
[Black "Liang, Hairan"]
[Result "0-1"]
[WhiteElo "2246"]
[BlackElo "2213"]
[PlyCount "112"]
[EventDate "2018.04.03"]
[EventType "swiss (blitz)"]
[EventRounds "10"]
[EventCountry "USA"]
[SourceTitle "EXT 2021"]
[Source "ChessBase"]
[SourceDate "2020.10.23"]
[SourceVersion "1"]
[SourceVersionDate "2020.10.23"]
[SourceQuality "1"]

1. e4 c5 2. Nf3 Nc6 3. Bb5 g6 4. c3 Bg7 5. d4 cxd4 6. cxd4 d5 7. exd5 Qxd5 8. Nc3 Qe6+ 9. Be3 Nf6 10. d5 Nxd5 11. Nxd5 Qd6 12. Nc3 Qb4 13. Bxc6+ bxc6 14. 0-0 Qxb2 15. Na4 Qxa1 16. Qxa1 Bxa1 17. Rxa1 Be6 18. Nc5 Bd5 19. Bh6 f6 20. Re1 Kf7 21. a4 g5 22. h4 Kg6 23. hxg5 fxg5 24. Bxg5 Bxf3 25. gxf3 Kxg5 26. Rxe7 h5 27. Kg2 h4 28. Kh3 Kf4 29. Nd3+ Kf5 30. Rc7 Rac8 31. Rxa7 Ke6 32. Rg7 c5 33. Rg1 c4 34. Nf4+ Kf5 35. Nd5 Ke5 36. Ne3 c3 37. a5 Kf4 38. Rc1 Kxf3 39. Rc2 Rc5 40. a6 Ke4 41. a7 Kd3 42. Ra2 Ra8 43. Nc2 Kc4 44. Ra3 Kd3 45. Nb4+ Kd2 46. Na6 Rc4 47. Nb8 c2 48. Nd7 c1Q 49. Ra2+ Ke1 50. Nb6 Rc3+ 51. Kxh4 Rh8+ 52. Kg4 Qd1+ 53. f3 Qxf3+ 54. Kg5 Rh5+ 55. Kg6 Qf5+ 56. Kg7 Rh7+ 0-1

[Event "Titled Tuesday intern op 3rd April"]
[Site "Chess.com INT"]
[Date "2018.04.03"]
[Round "1"]
[White "Seliverstov, Vladimir"]
[Black "Liang, Hairan"]
[Result "0-1"]
[WhiteElo "2464"]
[BlackElo "2213"]
[PlyCount "68"]
[EventDate "2018.04.03"]
[EventType "swiss (blitz)"]
[EventRounds "10"]
[EventCountry "USA"]
[SourceTitle "EXT 2021"]
[Source "ChessBase"]
[SourceDate "2020.10.23"]
[SourceVersion "1"]
[SourceVersionDate "2020.10.23"]
[SourceQuality "1"]

1. d4 Nf6 2. c4 e6 3. g3 d5 4. Bg2 Bb4+ 5. Nd2 0-0 6. Qc2 c5 7. dxc5 Na6 8. Ngf3 Nxc5 9. 0-0 d4 10. a3 Bxd2 11. Bxd2 Re8 12. Bf4 d3 13. exd3 Qxd3 14. Rac1 Nfd7 15. b4 Qxc2 16. Rxc2 Nd3 17. Bd6 e5 18. Rd1 e4 19. Re2 Nf6 20. Ng5 Bf5 21. c5 h6 22. Nh3 Bg4 23. f3 exf3 24. Rxe8+ Rxe8 25. Bxf3 Bxf3 26. Rxd3 Bc6 27. Rd1 Re2 28. Nf2 Nd5 29. Rc1 Ra2 30. Ne4 Ne3 31. Nf2 a6 32. h3 Nf5 33. g4 Nd4 34. Bg3 Ne2+ 0-1

[Event "Oakville Winter op"]
[Site "Oakville"]
[Date "2018.02.02"]
[Round "1"]
[White "Liang, Hairan"]
[Black "Sambuev, Bator"]
[Result "1-0"]
[WhiteElo "2161"]
[BlackElo "2542"]
[PlyCount "73"]
[EventDate "2018.02.02"]
[EventType "swiss"]
[EventRounds "5"]
[EventCountry "CAN"]
[SourceTitle "EXT 2024"]
[Source "ChessBase"]
[SourceDate "2023.10.10"]
[SourceVersion "1"]
[SourceVersionDate "2023.10.10"]
[SourceQuality "1"]

1. e4 e6 2. d4 d5 3. Nd2 Nf6 4. e5 Nfd7 5. c3 c5 6. Bd3 Nc6 7. Ne2 Be7 8. Nf3 c4 9. Bc2 b5 10. h4 Nb6 11. Bg5 h6 12. Bxe7 Qxe7 13. Ng3 g6 14. h5 g5 15. Nh2 b4 16. Ng4 a5 17. 0-0 a4 18. a3 bxc3 19. bxc3 Kd8 20. f4 gxf4 21. Rxf4 Qg5 22. Rxf7 Ra7 23. Rxa7 Nxa7 24. Qf3 Kc7 25. Rb1 Bd7 26. Nf6 Bc6 27. Ne2 Qd2 28. Bg6 Nb5 29. Nf4 Nxc3 30. Nxe6+ Kb7 31. Ne4 Nxe4 32. Qf7+ Ka6 33. Bxe4 Nd7 34. Bxd5 Rb8 35. Rxb8 Bxd5 36. Nc7+ Ka7 37. Nxd5 1-0

[Event "World ol U16"]
[Site "Ahmedabad"]
[Date "2017.12.16"]
[Round "6.2"]
[White "Liang, Hairan"]
[Black "Rahul, Srivatshav P"]
[Result "1-0"]
[WhiteElo "2150"]
[BlackElo "2331"]
[PlyCount "149"]
[EventDate "2017.12.11"]
[EventType "team-swiss"]
[EventRounds "9"]
[EventCountry "IND"]
[SourceTitle "CBM 182 Extra"]
[Source "ChessBase"]
[SourceDate "2018.02.23"]
[SourceVersion "1"]
[SourceVersionDate "2018.02.23"]
[SourceQuality "1"]
[WhiteTeam "Canada"]
[BlackTeam "India Blue"]
[WhiteTeamCountry "CAN"]
[BlackTeamCountry "IND"]

1. e4 c5 2. Nf3 e6 3. d4 cxd4 4. Nxd4 Nc6 5. g3 d5 6. Nc3 Nf6 7. Bg2 Be7 8. 0-0 0-0 9. Be3 Re8 10. exd5 Nxd5 11. Nxd5 exd5 12. c4 Nxd4 13. Qxd4 dxc4 14. Qxc4 Bf6 15. Rad1 Qe7 16. b3 Qa3 17. Qa4 Qxa4 18. bxa4 a5 19. Rb1 Bf5 20. Rxb7 Be4 21. Rc7 Bxg2 22. Kxg2 Re4 23. Rfc1 h6 24. R1c4 Ree8 25. Rb7 h5 26. Rb5 h4 27. gxh4 Red8 28. h5 Ra6 29. Rb6 Rxb6 30. Bxb6 Ra8 31. Kf3 Kh7 32. Rc7 Bd8 33. Ra7 Rb8 34. Bxa5 Bxa5 35. Rxa5 Rb4 36. Ra7 Kh6 37. Ra5 Rc4 38. Ke3 Rb4 39. h3 Rc4 40. Kd3 Rf4 41. Ke3 Rc4 42. f3 Rb4 43. f4 f5 44. Ra7 Re4+ 45. Kf3 Rc4 46. a5 Ra4 47. Ke3 Rxa2 48. Kd4 Re2 49. a6 Re4+ 50. Kc5 Rxf4 51. Rf7 Kxh5 52. Kb5 Rf1 53. a7 Ra1 54. Rxg7 Kh4 55. Rh7+ Kg3 56. h4 f4 57. Rf7 f3 58. h5 f2 59. Kb6 Ra3 60. h6 Rb3+ 61. Kc7 Ra3 62. Kb8 Rb3+ 63. Kc8 Ra3 64. h7 Rxa7 65. Rxa7 f1Q 66. h8Q Qc4+ 67. Rc7 Qe6+ 68. Kb7 Qb3+ 69. Kc6 Qe6+ 70. Kb5 Qd5+ 71. Kb4 Qd6+ 72. Rc5 Qb6+ 73. Kc4 Qe6+ 74. Rd5 Qe2+ 75. Rd3+ 1-0

[Event "World ol U16"]
[Site "Ahmedabad"]
[Date "2017.12.13"]
[Round "4.2"]
[White "Liang, Hairan"]
[Black "Iliaguev, Nisim"]
[Result "1/2-1/2"]
[WhiteElo "2150"]
[BlackElo "2294"]
[PlyCount "89"]
[EventDate "2017.12.11"]
[EventType "team-swiss"]
[EventRounds "9"]
[EventCountry "IND"]
[SourceTitle "CBM 182 Extra"]
[Source "ChessBase"]
[SourceDate "2018.02.23"]
[SourceVersion "1"]
[SourceVersionDate "2018.02.23"]
[SourceQuality "1"]
[WhiteTeam "Canada"]
[BlackTeam "Israel"]
[WhiteTeamCountry "CAN"]
[BlackTeamCountry "ISR"]

1. e4 c5 2. Nf3 e6 3. d4 cxd4 4. Nxd4 Nc6 5. g3 Qc7 6. Nb5 Qb8 7. Bf4 e5 8. Be3 a6 9. N5c3 Nf6 10. Bg2 d6 11. Nd2 b5 12. a4 Ng4 13. axb5 Nxe3 14. fxe3 axb5 15. Rxa8 Qxa8 16. Nxb5 Qb8 17. Nc3 Qxb2 18. Nd5 Qb8 19. Qa1 Ne7 20. 0-0 Nxd5 21. exd5 Be7 22. Rb1 Qc7 23. Qa4+ Bd7 24. Qa8+ Bd8 25. Rb8 0-0 26. Qb7 Qxb7 27. Rxb7 Bc8 28. Rb8 Bc7 29. Rb1 f5 30. Bh3 g5 31. Nc4 g4 32. Bg2 Ba6 33. Nxd6 Bxd6 34. Rb6 Bc5 35. Rxa6 Bxe3+ 36. Kf1 f4 37. gxf4 exf4 38. Be4 f3 39. d6 Bf4 40. Ra8 Rxa8 41. Bxa8 Bxh2 42. d7 Bc7 43. Bxf3 gxf3 44. Kf2 Kf7 45. Kxf3 1/2-1/2

[Event "Aurora Fall op"]
[Site "Aurora"]
[Date "2017.10.14"]
[Round "2"]
[White "Liang, Hairan"]
[Black "Colvin, Andrew"]
[Result "1-0"]
[WhiteElo "2194"]
[BlackElo "1764"]
[PlyCount "55"]
[EventDate "2017.10.14"]
[EventType "swiss"]
[EventRounds "5"]
[EventCountry "CAN"]
[SourceTitle "CBM 181 Extra"]
[Source "ChessBase"]
[SourceDate "2017.12.12"]
[SourceVersion "1"]
[SourceVersionDate "2017.12.12"]
[SourceQuality "1"]

1. e4 e6 2. d4 d5 3. Nd2 c5 4. exd5 Qxd5 5. Ngf3 cxd4 6. Bc4 Qd6 7. 0-0 Nf6 8. Nb3 Nc6 9. Nbxd4 Nxd4 10. Nxd4 a6 11. Re1 Qc7 12. Bf1 Bd6 13. Nf5 Bxh2+ 14. Kh1 Kf8 15. Qd4 exf5 16. Qxf6 h6 17. Qd4 Bd6 18. Bd2 Be6 19. Bc3 Rh7 20. Rad1 Bc5 21. Qd2 h5 22. Be5 Qc6 23. b4 Ba7 24. c4 h4 25. b5 axb5 26. cxb5 Qb6 27. Qb4+ Kg8 28. Bd4 1-0

[Event "Wch U16"]
[Site "Montevideo"]
[Date "2017.09.23"]
[Round "8"]
[White "Liang, Hairan"]
[Black "Furfine, Jacob"]
[Result "0-1"]
[WhiteElo "2131"]
[BlackElo "2243"]
[PlyCount "66"]
[EventDate "2017.09.17"]
[EventType "swiss"]
[EventRounds "11"]
[EventCountry "URU"]
[SourceTitle "CBM 180 Extra"]
[Source "ChessBase"]
[SourceDate "2017.10.06"]
[SourceVersion "1"]
[SourceVersionDate "2017.10.06"]
[SourceQuality "1"]

1. e4 c5 2. Nf3 e6 3. d4 cxd4 4. Nxd4 Nf6 5. Bd3 Nc6 6. Nxc6 bxc6 7. 0-0 d5 8. Nd2 Be7 9. Qe2 a5 10. f4 h5 11. c4 a4 12. exd5 cxd5 13. cxd5 Qxd5 14. Nc4 Rb8 15. Rd1 Ng4 16. Ne3 Qc5 17. Kh1 Bf6 18. Nxg4 hxg4 19. Qxg4 a3 20. b4 Qf2 21. Rb1 Bb7 22. Rf1 Qxa2 23. Be3 Qd5 24. Rbd1 Qh5 25. Qxh5 Rxh5 26. Bc5 Bd5 27. Be2 Rh8 28. b5 a2 29. b6 Bc6 30. Bd4 Bxd4 31. Rxd4 Rxb6 32. Ra1 Rb2 33. Bc4 Rxg2 0-1

[Event "Wch U16"]
[Site "Montevideo"]
[Date "2017.09.19"]
[Round "4"]
[White "Liang, Hairan"]
[Black "Riess, Alexander"]
[Result "1/2-1/2"]
[WhiteElo "2131"]
[BlackElo "2353"]
[PlyCount "45"]
[EventDate "2017.09.17"]
[EventType "swiss"]
[EventRounds "11"]
[EventCountry "URU"]
[SourceTitle "CBM 180 Extra"]
[Source "ChessBase"]
[SourceDate "2017.10.06"]
[SourceVersion "1"]
[SourceVersionDate "2017.10.06"]
[SourceQuality "1"]

1. e4 e6 2. d4 d5 3. Nd2 c5 4. exd5 Qxd5 5. Ngf3 cxd4 6. Bc4 Qd6 7. 0-0 Nf6 8. Nb3 Nc6 9. Nbxd4 Nxd4 10. Nxd4 a6 11. Re1 Qc7 12. Bf1 Be7 13. Qf3 0-0 14. Bf4 Bd6 15. Bxd6 Qxd6 16. Rad1 Qc7 17. c4 Bd7 18. Qg3 Qb6 19. Re3 Qxb2 20. Rb3 Qxa2 21. Ra3 Qb2 22. Rb3 Qa2 23. Ra3 1/2-1/2

[Event "Wch U16"]
[Site "Montevideo"]
[Date "2017.09.17"]
[Round "1"]
[White "Reburdo, Rodrigo Hernan"]
[Black "Liang, Hairan"]
[Result "0-1"]
[WhiteElo "1537"]
[BlackElo "2131"]
[PlyCount "58"]
[EventDate "2017.09.17"]
[EventType "swiss"]
[EventRounds "11"]
[EventCountry "URU"]
[SourceTitle "CBM 180 Extra"]
[Source "ChessBase"]
[SourceDate "2017.10.06"]
[SourceVersion "1"]
[SourceVersionDate "2017.10.06"]
[SourceQuality "1"]

1. e4 c5 2. Nc3 Nc6 3. Bb5 Nd4 4. Nf3 Nxb5 5. Nxb5 d5 6. exd5 a6 7. Nc3 Nf6 8. d4 Nxd5 9. Nxd5 Qxd5 10. Be3 c4 11. 0-0 b5 12. Ne5 Bb7 13. Qf3 f6 14. Qxd5 Bxd5 15. Nf3 e6 16. Bf4 g5 17. Bg3 Rg8 18. h4 Bxf3 19. hxg5 Bd5 20. gxf6 h5 21. Kh2 h4 22. Bxh4 Rxg2+ 23. Kh3 Bd6 24. f4 Kf7 25. c3 Rag8 26. Bg5 Bxf4 27. Rxf4 R2xg5 28. Rh4 Rg3+ 29. Kh2 Rg2+ 0-1

[Event "CAN-ch U20"]
[Site "Mississauga"]
[Date "2017.08.11"]
[Round "5"]
[White "Liang, Hairan"]
[Black "Vettese, Nicholas"]
[Result "1-0"]
[WhiteElo "2143"]
[BlackElo "2102"]
[PlyCount "57"]
[EventDate "2017.08.09"]
[EventType "swiss"]
[EventRounds "9"]
[EventCountry "CAN"]
[SourceTitle "CBM 180 Extra"]
[Source "ChessBase"]
[SourceDate "2017.10.06"]
[SourceVersion "1"]
[SourceVersionDate "2017.10.06"]
[SourceQuality "1"]

1. e4 c5 2. Nf3 d6 3. Bb5+ Bd7 4. Bxd7+ Qxd7 5. c4 Nc6 6. Nc3 g6 7. d4 cxd4 8. Nxd4 Nf6 9. f3 Bg7 10. Be3 0-0 11. 0-0 Rac8 12. b3 Rfd8 13. Rc1 Ne8 14. Kh1 Nc7 15. Nxc6 bxc6 16. Qd2 Ne6 17. Ne2 Ra8 18. b4 c5 19. Rfd1 Qa4 20. Rb1 cxb4 21. Rxb4 Qc6 22. Qd5 Qa6 23. a4 Rdb8 24. Rdb1 Qc8 25. Rxb8 Rxb8 26. Rxb8 Qxb8 27. Qb5 Qxb5 28. cxb5 Nc5 29. a5 1-0

[Event "CAN-ch U16"]
[Site "Sault Ste Marie"]
[Date "2017.07.08"]
[Round "5.15"]
[White "Bremner, William"]
[Black "Liang, Hairan"]
[Result "0-1"]
[WhiteElo "1104"]
[BlackElo "2186"]
[PlyCount "52"]
[EventDate "2017.07.06"]
[EventType "swiss"]
[EventRounds "7"]
[EventCountry "CAN"]
[SourceTitle "EXT 2022"]
[Source "ChessBase"]
[SourceDate "2021.10.06"]
[SourceVersion "1"]
[SourceVersionDate "2021.10.06"]
[SourceQuality "1"]

1. Nf3 Nf6 2. c4 e6 3. g3 d5 4. d4 Be7 5. Bg2 0-0 6. 0-0 c6 7. Qc2 Nbd7 8. Nbd2 b6 9. e4 Bb7 10. b3 Rc8 11. Bb2 Qc7 12. Rac1 Qb8 13. Rfd1 Qa8 14. Qb1 c5 15. exd5 exd5 16. dxc5 Bxc5 17. Ne5 Nxe5 18. Bxe5 Ng4 19. Bf4 Bxf2+ 20. Kf1 Bc5 21. Bh3 f5 22. Nf3 dxc4 23. Ng5 Nxh2+ 24. Ke2 Bf3+ 25. Nxf3 Qxf3+ 26. Kd2 Bb4+ 0-1